[Event "23rd Hogeschool Zeeland Open 2019"]
[Site "Vlissingen"]
[Date "2019.08.07"]
[Round "6.6"]
[White "Leenhouts, Koen"]
[Black "Wunnink, Michael"]
[Result "1/2-1/2"]
[WhiteElo "2426"]
[BlackElo "2214"]
[Annotator "ChessBase"]
[PlyCount "66"]
[EventDate "2019.08.03"]
[EventType "swiss"]
[EventCountry "NED"]
[SourceTitle "playchess.com"]
[Source "ChessBase"]
[SourceQuality "1"]
[TimeControl "40/5400+30:1800+30"]

1. d4 {[%emt 0:00:00]} Nf6 {[%emt 0:00:00]} 2. c4 {[%emt 0:00:00]} e6 {[%emt 0:00:00]} 3. Nc3 {[%emt 0:00:00]} Bb4 {[%emt 0:00:06]} 4. f3 {[%emt 0:00:00]} c5 {[%emt 0:11:32]} 5. d5 {[%emt 0:00:05]} b5 {[%emt 0:00:04]} 6. e4 {[%emt 0:00:45]} d6 {[%emt 0:05:10]} 7. Bg5 {[%emt 0:03:53]} O-O {[%emt 0:04:08]} 8. a4 {[%emt 0:15:04]} bxc4 {[%emt 0:10:01]} 9. Bxc4 {[%emt 0:00:13]} Ba6 {[%emt 0:01:01]} 10. Bxa6 {[%emt 0:01:03]} Nxa6 {[%emt 0:00:47]} 11. Nge2 {[%emt 0:08:19]} h6 {[%emt 0:17:21]} 12. Bxf6 {[%emt 0:13:00]} Qxf6 {[%emt 0:02:28]} 13. dxe6 {[%emt 0:04:53]} Qxe6 {[%emt 0:04:16]} 14. O-O {[%emt 0:00:22]} Bxc3 {[%emt 0:00:49]} 15. bxc3 {[%emt 0:08:04]} Nc7 {[%emt 0:06:30]} 16. Qd3 {[%emt 0:02:22]} Rab8 {[%emt 0:05:40]} 17. Rfd1 {[%emt 0:00:28]} Rfd8 {[%emt 0:01:57]} 18. Rab1 {[%emt 0:07:16]} Rxb1 {[%emt 0:03:17]} 19. Rxb1 {[%emt 0:00:05]} Qa2 {[%emt 0:04:00]} 20. f4 {[%emt 0:21:56]} Ne6 {[%emt 0:05:39]} 21. c4 {[%emt 0:02:32]} Qxa4 {[%emt 0:03:01]} 22. f5 {[%emt 0:00:23]} Nd4 {[%emt 0:01:11]} 23. Nxd4 {[%emt 0:00:32]} cxd4 {[%emt 0:00:04]} 24. Qxd4 {[%emt 0:04:52]} Qc2 {[%emt 0:01:29]} 25. Re1 {[%emt 0:01:18]} Rb8 {[%emt 0:02:15]} 26. Qxd6 {[%emt 0:00:42]} Rb1 {[%emt 0:01:12]} 27. Rxb1 {[%emt 0:00:08]} Qxb1+ {[%emt 0:00:05]} 28. Kf2 {[%emt 0:00:03]} Qxe4 {[%emt 0:00:31]} 29. c5 {[%emt 0:00:48]} Qxf5+ {[%emt 0:00:21]} 30. Ke3 {[%emt 0:00:38]} Qg5+ {[%emt 0:01:31]} 31. Kf3 {[%emt 0:01:09]} Qf5+ {[%emt 0:00:24]} 32. Ke3 {[%emt 0:00:15]} Qg5+ {[%emt 0:00:20]} 33. Kf3 {[%emt 0:03:27]} Qf5+ {[%emt 0:09:20]} 1/2-1/2

[Event "23rd Hogeschool Zeeland Open 2019"]
[Site "Vlissingen"]
[Date "2019.08.07"]
[Round "6.7"]
[White "Stillger, Bernhard"]
[Black "Zwirs, Nico"]
[Result "1/2-1/2"]
[WhiteElo "2199"]
[BlackElo "2380"]
[Annotator "ChessBase"]
[PlyCount "42"]
[EventDate "2019.08.03"]
[EventType "swiss"]
[EventCountry "NED"]
[SourceTitle "playchess.com"]
[Source "ChessBase"]
[SourceQuality "1"]
[TimeControl "40/5400+30:1800+30"]

1. d4 {[%emt 0:00:00]} d5 {[%emt 0:00:00]} 2. c4 {[%emt 0:00:00]} e6 {[%emt 0:00:00]} 3. Nf3 {[%emt 0:00:21]} Nf6 {[%emt 0:01:15]} 4. g3 {[%emt 0:00:41]} dxc4 {[%emt 0:00:08]} 5. Bg2 {[%emt 0:00:42]} c6 {[%emt 0:00:26]} 6. Ne5 {[%emt 0:07:49]} c5 {[%emt 0:02:27]} 7. Be3 {[%emt 0:10:44]} Nd5 {[%emt 0:10:29]} 8. dxc5 {[%emt 0:03:38]} Nxe3 {[%emt 0:18:10]} 9. Qxd8+ {[%emt 0:03:06]} Kxd8 {[%emt 0:00:30]} 10. fxe3 {[%emt 0:00:18]} Ke8 {[%emt 0:01:29]} 11. Nd2 {[%emt 0:06:30]} Bxc5 {[%emt 0:08:08]} 12. Ndxc4 {[%emt 0:03:43]} Nd7 {[%emt 0:06:24]} 13. Nd3 {[%emt 0:02:35]} Rb8 {[%emt 0:14:53]} 14. Nxc5 {[%emt 0:17:03]} Nxc5 {[%emt 0:00:17]} 15. Rc1 {[%emt 0:00:25]} Bd7 {[%emt 0:24:33]} 16. Nd6+ {[%emt 0:14:08]} Ke7 {[%emt 0:00:03]} 17. Nxf7 {[%emt 0:00:39]} Kxf7 {[%emt 0:00:43]} 18. Rxc5 {[%emt 0:26:38]} Rhc8 19. Rxc8 {[%emt 0:00:00]} Rxc8 {[%emt 0:00:09]} 20. Kd2 {[%emt 0:00:00]} Bc6 {[%emt 0:00:44]} 21. Bxc6 {[%emt 0:00:00]} Rxc6 {[%emt 0:09:42]} 1/2-1/2

[Event "23rd Hogeschool Zeeland Open 2019"]
[Site "Vlissingen"]
[Date "2019.08.07"]
[Round "6.8"]
[White "Duchene, Rene"]
[Black "De Jong, Migchiel"]
[Result "0-1"]
[WhiteElo "2157"]
[BlackElo "2345"]
[Annotator "ChessBase"]
[PlyCount "51"]
[EventDate "2019.08.03"]
[EventType "swiss"]
[EventCountry "NED"]
[SourceTitle "playchess.com"]
[Source "ChessBase"]
[SourceQuality "1"]
[TimeControl "40/5400+30:1800+30"]

1. d4 {[%emt 0:00:00]} e6 {[%emt 1:30:30]} 2. Bf4 {[%emt 0:00:11]} c5 {[%emt 0:00:00]} 3. e3 {[%emt 0:00:07]} Nf6 {[%emt 0:00:00]} 4. Nf3 {[%emt 0:00:42]} d5 {[%emt 0:00:00]} 5. c3 {[%emt 0:01:24]} Bd6 {[%emt 0:00:00]} 6. Bg3 {[%emt 0:00:11]} Qc7 {[%emt 0:00:00]} 7. Nbd2 {[%emt 0:02:08]} Nbd7 {[%emt 0:00:00]} 8. c4 {[%emt 0:14:50]} Bxg3 {[%emt 0:00:00]} 9. hxg3 {[%emt 0:00:10]} dxc4 {[%emt 0:00:00]} 10. Nxc4 {[%emt 0:04:03]} O-O {[%emt 0:00:00]} 11. Rc1 {[%emt 0:02:40]} b5 {[%emt 0:00:00]} 12. Na3 {[%emt 0:13:47]} Qa5+ {[%emt 0:00:00]} 13. Qd2 {[%emt 0:00:50]} Qxd2+ {[%emt 0:00:00]} 14. Kxd2 {[%emt 0:02:57]} a6 {[%emt 0:00:00]} 15. Bd3 {[%emt 0:01:33]} c4 {[%emt 0:00:00]} 16. Bb1 {[%emt 0:00:17]} Bb7 {[%emt 0:00:00]} 17. Rh4 {[%emt 0:02:21]} Rfd8 {[%emt 0:00:00]} 18. Ke2 {[%emt 0:10:08]} h6 {[%emt 0:00:00]} 19. Rch1 {[%emt 0:02:21]} Rac8 {[%emt 0:00:00]} 20. g4 {[%emt 0:01:34]} Kf8 {[%emt 0:00:00]} 21. Ne1 {[%emt 0:09:33]} b4 {[%emt 0:00:00]} 22. Nac2 {[%emt 0:00:20]} a5 {[%emt 0:00:00]} 23. Na1 {[%emt 0:01:27]} Nb6 {[%emt 0:00:00]} 24. f4 {[%emt 0:00:49]} c3 {[%emt 0:00:00]} 25. bxc3 {[%emt 0:00:15]} Nbd5 {[%emt 0:00:00]} 26. Kd3 {[%emt 0:28:22]} 0-1

[Event "23rd Hogeschool Zeeland Open 2019"]
[Site "Vlissingen"]
[Date "2019.08.07"]
[Round "6.9"]
[White "Grochal, Joey"]
[Black "Elgersma, Simon"]
[Result "1-0"]
[WhiteElo "2313"]
[BlackElo "2130"]
[Annotator "TA"]
[PlyCount "97"]
[EventDate "2019.08.03"]
[EventType "swiss"]
[EventCountry "NED"]
[SourceTitle "playchess.com"]
[Source "ChessBase"]
[SourceQuality "1"]

{[%evp 33,97,0,0,0,0,0,0,0,2,4,14,20,45,33,146,124,75,150,179,155,160,137,258,252,239,231,219,107,271,202,228,249,337,315,317,334,328,272,331,324,332,327,316,311,275,243,218,235,213,217,483,495,475,483,574,598,708,638,634,618,721,570,1991,1896,2014,1971]} 1. d4 Nf6 2. c4 g6 3. Nc3 Bg7 4. e4 d6 5. Nf3 O-O 6. Be2 e5 7. d5 Nbd7 8. Bg5 h6 9. Bh4 g5 10. Bg3 Nh5 11. h4 Nxg3 12. fxg3 g4 13. Nd2 h5 14. O-O Bh6 15. Kh2 a5 16. Bd3 Nc5 17. Bc2 Bd7 18. Qe2 {E93: King's Indian: Classical: Petrosian System with 7...Nbd7} f6 $146 ({Predecessor:} 18... Qe7 19. b3 f6 20. a3 Rf7 21. b4 axb4 22. axb4 Rxa1 23. Rxa1 Na6 24. Rb1 Kg7 25. Nf1 Qd8 {½-½ (79) Huss,A (2400)-Ekstroem,R (2420) Switzerland 1993}) 19. Rab1 Rf7 20. Nd1 {The position is equal.} Qe7 (20... Na6 {with more complications.} 21. Nc3 Nb4 22. Bd1 Qe8 23. a3 Na6) 21. Ne3 Bxe3 22. Qxe3 Raf8 23. b3 {[%cal Bb2b3,Bb3b4][%mdl 32]} f5 ({Better is} 23... Kg7 $14) 24. exf5 $1 $16 Bxf5 25. Rxf5 Rxf5 26. Bxf5 Rxf5 27. a3 $1 {[%cal Ba2a3,Ba3b4][%mdl 32]} Kg7 (27... Nd7 $16 {was necessary.}) 28. b4 $1 $18 {[%cal Rb4c5]} axb4 29. axb4 Nd7 30. Qd3 (30. Ne4 $1 $18 {is more deadly.}) 30... Qf7 $2 (30... Kg6 $16) 31. Ne4 Qg6 32. Qe3 $1 Nf6 {White should prevent ...Nxe4.} 33. Ng5 $1 Rf3 34. Ne6+ $1 {[%mdl 64] Double Attack} Kf7 35. Qg5 Rf2 36. Nd8+ Kg7 {[#]} 37. Kg1 $1 Rf5 38. Ne6+ {[%mdl 64] Double Attack} Kf7 39. Qxg6+ Kxg6 40. Nxc7 {[%mdl 4096] Endgame KRN-KRN} Ne4 {[#]} 41. Re1 $1 {[%cal Re1e4]} Nxg3 $2 (41... Nf6 {is a better defense.} 42. Re3 Kg7) 42. Ne8 {White is clearly winning.} Rf4 43. Nxd6 Kf6 {If Black can now play ...Nf5 this consolidates a bit.} 44. c5 Ke7 45. Rxe5+ Kd7 46. Re3 Nf1 47. Re4 Rf8 48. Re1 Nd2 49. Nxb7 {Accuracy: White = 83%, Black = 30%.} 1-0

[Event "23rd Hogeschool Zeeland Open 2019"]
[Site "Vlissingen"]
[Date "2019.08.07"]
[Round "6.10"]
[White "Zwirs, Jasper"]
[Black "Grooten, Herman"]
[Result "0-1"]
[WhiteElo "2110"]
[BlackElo "2310"]
[Annotator "TA"]
[PlyCount "112"]
[EventDate "2019.08.03"]
[EventType "swiss"]
[EventCountry "NED"]
[SourceTitle "playchess.com"]
[Source "ChessBase"]
[SourceQuality "1"]

{[%evp 12,112,16,-10,0,0,0,-7,0,0,0,0,0,0,0,-18,-3,-7,0,0,0,-53,-46,-76,-70,-83,-72,-81,-31,-91,-56,-56,-51,-48,-51,-52,-53,-72,-59,-52,0,-58,0,-52,0,-77,-58,-60,-43,-68,-22,-34,15,0,33,26,38,18,21,14,20,12,13,0,0,0,25,0,7,-41,-54,-53,-28,-95,-107,-99,-89,-121,-125,-119,-111,-180,-168,-360,-355,-364,-364,-364,-364,-349,-339,-274,-192,-399,-403,-522,-513,-497,-471,-715,-710,-685,-685]} 1. e4 e6 2. d4 d5 3. Nc3 Bb4 4. e5 Ne7 5. a3 Bxc3+ 6. bxc3 b6 7. Nf3 Ba6 {C16: French: 3 Nc3 Bb4 4 e5: Lines without ...c5} 8. Bxa6 Nxa6 9. O-O (9. Qd3 Nb8 10. Ng5 h6 11. Nh3 Nbc6 12. Nf4 g6 13. h4 Qd7 14. a4 Na5 15. h5 {1-0 (34) Baramidze,D (2613)-Dann,M (2450) Germany 2014}) 9... Qd7 {The position is equal.} 10. a4 Nb8 {[%cal Ba6b8,Bb8c6,Bc6a7,Ba7b5][%mdl 32]} 11. a5 $146 ({Predecessor:} 11. Qd3 Nbc6 12. Ba3 Na5 13. Nd2 O-O 14. f4 f5 15. exf6 Rxf6 {0-1 (64) Yao,L (2343)-Avramidou,A (2259) Montevideo 2017}) 11... Nbc6 12. axb6 cxb6 13. Nd2 Rc8 14. Nb3 a5 15. Nd2 Na7 16. Nb1 (16. c4 $11) 16... Nb5 $15 17. Bd2 O-O 18. Qe2 Rc7 19. Qd3 Qc6 20. f4 (20. Ra2 $15) 20... f6 21. Ra2 Nc8 22. Rb2 Nca7 23. Rf3 Qc4 24. Rh3 g6 25. Rg3 Rcf7 (25... f5 $15) 26. Be3 (26. h4 $11) 26... Kh8 ({Black should play} 26... Rc8 $15) 27. Rh3 (27. Qxc4 $11 dxc4 28. Rf3) 27... f5 (27... Qc6 $15) 28. Bf2 (28. Qxc4 $11 dxc4 29. Nd2) 28... Qxd3 (28... Rc8 {seems wilder.} 29. Be1 Kg7 30. Re3 Qa4 31. Bd2 Rfc7) 29. cxd3 Rc8 30. Be1 Rc6 31. Re3 Kg8 32. Kf2 Kf8 33. Ree2 h6 34. Ke3 g5 35. h3 Ke8 36. Rf2 Nc7 37. Na3 b5 38. g4 Kd7 39. Nc2 Ra6 40. Na1 a4 {[%cal Ba5a4,Ba4a3][%mdl 32]} 41. Rf1 Nc6 42. Nc2 (42. Rbf2 $11 {keeps the balance.}) 42... a3 $36 {[%mdl 2048] Black has strong initiative.} 43. Ra2 {[#]} b4 $1 {[%cal Rb4b3][%mdl 512]} 44. Nxb4 Nxb4 45. cxb4 Nb5 46. Bg3 {[#]} (46. Rff2 $17) 46... Ra4 $1 $19 47. gxf5 $2 (47. Rc1) 47... Rxf5 48. Be1 Rxf4 49. Rxf4 gxf4+ 50. Kxf4 Nxd4 {[%mdl 4096] Endgame KRB-KRN} 51. Ke3 Nb5 52. d4 $2 (52. Ra1 {was necessary.}) 52... Ra8 53. Kd3 Rf8 {Black is clearly winning.} 54. Ke3 Rf1 55. Re2 {[#]} (55. Kd2 $142) 55... a2 $1 {[%mdl 576] Deflection} 56. Rxa2 Rxe1+ {Accuracy: White = 39%, Black = 48%.} 0-1

[Event "23rd Hogeschool Zeeland Open 2019"]
[Site "Vlissingen"]
[Date "2019.08.07"]
[Round "6.11"]
[White "Nebolsina, Vera"]
[Black "Wagenvoorde, Guido"]
[Result "1/2-1/2"]
[WhiteElo "2269"]
[BlackElo "2128"]
[Annotator "TA"]
[PlyCount "116"]
[EventDate "2019.08.03"]
[EventType "swiss"]
[EventCountry "NED"]
[SourceTitle "playchess.com"]
[Source "ChessBase"]
[SourceQuality "1"]

{[%evp 17,116,16,19,10,0,-27,-10,-45,-41,-87,-75,-80,-60,-66,-20,-21,-17,-39,-56,-31,-14,-17,-16,-16,-23,-19,-16,-19,-18,-34,-20,-25,0,0,0,-27,-26,-204,-203,-430,-433,-408,-373,-556,-262,-273,-267,-250,-269,-259,-252,-216,0,-294,-186,-187,-166,-165,-125,-135,-145,-140,-134,-131,-87,-98,-98,-96,-87,-87,-60,-131,-68,-276,-261,-262,-256,-241,0,-191,0,-196,-199,-1205,-1152,-1129,-1118,-887,-227,-237,0,0,0,-235,-231,-204,-14,-33,0,-223,0]} 1. e4 c5 2. Nc3 e6 3. Nf3 Nc6 4. Bb5 Nge7 5. O-O a6 6. Bxc6 Nxc6 7. d4 cxd4 8. Nxd4 Qc7 9. Nxc6 bxc6 {[%cal Bb7c6,Bc6d5][%mdl 32]} 10. Qh5 {B30: Sicilian: 2...Nc6 3 Bb5, lines without ...g6} (10. Qg4 Rb8 11. b3 Bd6 12. f4 Bc5+ 13. Kh1 Bd4 14. Bb2 O-O 15. Nd5 cxd5 16. Bxd4 f6 17. e5 f5 {1-0 (60) Zeng,C (2549)-Wang,Y (2718) China 2016}) 10... d5 11. exd5 $146 ({Predecessor:} 11. Re1 Be7 12. e5 Bb7 13. Bf4 g6 14. Qh3 O-O-O 15. Ne2 c5 16. Bd2 g5 17. Qh5 Qxe5 18. Qxf7 {½-½ (72) Cohen Revivo,S (2289)-Kasioumis,V (2038) Porto Carras 2018}) 11... cxd5 12. Re1 {The position is equal.} Be7 $1 13. Qe2 Bb7 14. Qg4 O-O 15. Bf4 Qc4 16. b3 $1 {[%cal Rb3c4]} Qc6 {Strongly threatening ...Bf6.} (16... Qxc3 $6 17. Be5 $16) 17. Rad1 {With the idea Nxd5!} Bf6 ({Don't blunder} 17... Qxc3 $2 18. Be5 $18) 18. Na4 Rfe8 19. c3 Rad8 20. Be5 Bxe5 21. Rxe5 f6 22. Re3 e5 23. h4 Bc8 24. Qb4 Qe6 25. Red3 e4 26. Rg3 Qf7 27. Rd4 $2 (27. Qc5 $11) 27... f5 $1 $19 {[%cal Rf5f4] Threatens to win with ...f4.} 28. Re3 $2 (28. f4) 28... f4 29. Re1 f3 30. Qb6 (30. Qb8 $142 fxg2 31. Qg3) 30... Qf4 (30... fxg2 $142 31. Rexe4 Bh3) 31. Rexe4 Qc1+ ({And not} 31... dxe4 32. Rxd8 Qc1+ 33. Kh2 $14) 32. Kh2 {[#]} Qf1 $1 {[%csl Gf3][%cal Rf1g2][%mdl 576] Double Attack} 33. Rg4 Bxg4 ({Inferior is} 33... Qxf2 34. Rxg7+ $1 {[%mdl 512]} Kxg7 35. Rg4+ $1 {[%mdl 512]} Bxg4 36. Qxf2 $11) 34. Rxg4 fxg2 $2 {[#]} (34... h5 $19 35. Rg5 fxg2 36. Rxg2 Qe1) 35. Rxg2 $4 {[%mdl 8192]} (35. Rxg7+ $1 $11 {[%mdl 512] and White has nothing to worry.} Kxg7 36. Qd4+ Kf7 37. Qf4+ Kg8 38. Qg5+ Kf7 39. Qf4+ Kg8 40. Qg5+ Kf7 41. Qf4+) 35... Qc1 {White must now prevent ...Qf4+.} 36. Qd4 {[%csl Gg2][%cal Rd4g7]} Qh6 {...Re4! is the strong threat.} 37. Nc5 Re7 $40 {[%mdl 128] White is in trouble.} 38. Rg5 Qd6+ 39. Kg2 Rf7 40. Nd3 Qf6 41. Ne5 Re7 42. f4 h6 43. Rg4 Qf5 44. Kg3 (44. c4 $15) 44... Qb1 (44... Qe4 $17 45. Qxe4 dxe4) 45. Qb6 $2 (45. Kh2 $15) 45... Qe1+ 46. Kh2 Qd2+ 47. Kh1 Qe1+ 48. Kh2 $1 Qd2+ 49. Kh1 $1 Rde8 {aiming for ...h5.} 50. Qc6 $2 (50. Qc5) 50... Qe1+ 51. Kh2 Rxe5 52. fxe5 Qxe5+ $2 {[%mdl 4096] Endgame KQR-KQR} (52... Rxe5 53. Qc8+ Kh7) 53. Rg3 Qe2+ $2 (53... Rf8 $1 $19 {[%cal Rf8f2]} 54. Qd7 Rf3 $1 {[%mdl 512]} 55. Qc8+ Kh7) 54. Rg2 $11 Qe5+ $2 (54... Qe4 $11 55. Qa4 Qxa4 56. bxa4 Re4) 55. Rg3 $19 {[#]} Rf8 $1 {[%cal Rf8f2] ( -> ...Rf2+)} 56. Qg6 Qe2+ $2 ({Black should try} 56... Rf2+ $19 57. Kh3 Rxa2) 57. Rg2 {[%csl Gg2][%cal Rg6g7]} Qe5+ $2 (57... Qe7 $15 58. Qg3 Rf5) 58. Rg3 $1 Qe2+ $2 {Accuracy: White = 45%, Black = 48%.} ({Better is} 58... Rf2+ $19 59. Kh3 Rxa2) 1/2-1/2

[Event "23rd Hogeschool Zeeland Open 2019"]
[Site "Vlissingen"]
[Date "2019.08.07"]
[Round "6.12"]
[White "Afek, Yochanan"]
[Black "Merbis, Max"]
[Result "1/2-1/2"]
[WhiteElo "2253"]
[BlackElo "2103"]
[Annotator "ChessBase"]
[PlyCount "75"]
[EventDate "2019.08.03"]
[EventType "swiss"]
[EventCountry "NED"]
[SourceTitle "playchess.com"]
[Source "ChessBase"]
[SourceQuality "1"]
[TimeControl "40/5400+30:1800+30"]

1. e4 {[%emt 0:00:22]} e5 {[%emt 0:00:02]} 2. Nf3 {[%emt 0:00:10]} Nc6 {[%emt 0:00:10]} 3. d4 {[%emt 0:00:51]} exd4 {[%emt 0:00:19]} 4. Nxd4 {[%emt 0:00:04]} Nf6 {[%emt 0:00:20]} 5. Nc3 {[%emt 0:00:06]} Bb4 {[%emt 0:00:29]} 6. Nxc6 {[%emt 0:00:07]} bxc6 {[%emt 0:00:07]} 7. Bd3 {[%emt 0:00:03]} d5 {[%emt 0:00:53]} 8. exd5 {[%emt 0:00:07]} cxd5 {[%emt 0:00:07]} 9. O-O {[%emt 0:00:03]} O-O {[%emt 0:00:06]} 10. Bg5 {[%emt 0:00:05]} c6 {[%emt 0:00:04]} 11. Ne2 {[%emt 0:00:06]} Bd6 {[%emt 0:02:17]} 12. Nd4 {[%emt 0:00:42]} Bd7 {[%emt 0:01:41]} 13. Qf3 {[%emt 0:04:51]} Be5 {[%emt 0:05:02]} 14. Nf5 {[%emt 0:02:21]} Re8 {[%emt 0:04:22]} 15. c3 {[%emt 0:11:19]} Qc7 {[%emt 0:35:45]} 16. Nh6+ {[%emt 0:38:06]} Kf8 {[%emt 0:00:23]} 17. Bxf6 {[%emt 0:01:42]} Bxf6 {[%emt 0:00:55]} 18. Bxh7 {[%emt 0:00:15]} Re4 {[%emt 0:08:25]} 19. Bxe4 {[%emt 0:12:12]} dxe4 {[%emt 0:00:06]} 20. Qxe4 {[%emt 0:00:11]} gxh6 {[%emt 0:00:13]} 21. Rfe1 {[%emt 0:00:07]} Re8 {[%emt 0:03:38]} 22. Qd3 {[%emt 0:01:21]} Rxe1+ {[%emt 0:00:58]} 23. Rxe1 {[%emt 0:00:01]} Be6 {[%emt 0:01:11]} 24. h3 {[%emt 0:08:29]} c5 {[%emt 0:04:30]} 25. Qf3 {[%emt 0:05:00]} Kg7 {[%emt 0:01:37]} 26. Qa8 {[%emt 0:01:05]} Bg5 {[%emt 0:07:11]} 27. Rd1 {[%emt 0:05:36]} c4 {[%emt 0:03:56]} 28. Re1 {[%emt 0:01:27]} Qb6 {[%emt 0:01:36]} 29. Re2 {[%emt 0:00:29]} Qd6 {[%emt 0:02:10]} 30. Qe4 {[%emt 0:00:24]} Qd3 {[%emt 0:00:39]} 31. Qe5+ {[%emt 0:00:57]} Bf6 {[%emt 0:04:16]} 32. Qg3+ {[%emt 0:00:17]} Kh7 {[%emt 0:03:07]} 33. Qe3 {[%emt 0:02:16]} Bg5 {[%emt 0:01:24]} 34. Qe4+ {[%emt 0:00:49]} Bf5 {[%emt 0:01:22]} 35. Qe8 {[%emt 0:01:20]} Be6 {[%emt 0:00:28]} 36. Rxe6 {[%emt 0:01:32]} fxe6 {[%emt 0:00:01]} 37. Qf7+ {[%emt 0:00:07]} Kh8 {[%emt 0:00:03]} 38. Qf8+ {[%emt 0:00:05]} 1/2-1/2

[Event "23rd Hogeschool Zeeland Open 2019"]
[Site "Vlissingen"]
[Date "2019.08.07"]
[Round "6.13"]
[White "Mityaev, Alexandr"]
[Black "Weber, Dirk"]
[Result "1-0"]
[WhiteElo "2087"]
[BlackElo "2227"]
[Annotator "ChessBase"]
[PlyCount "55"]
[EventDate "2019.08.03"]
[EventType "swiss"]
[EventCountry "NED"]
[SourceTitle "playchess.com"]
[Source "ChessBase"]
[SourceQuality "1"]
[TimeControl "40/5400+30:1800+30"]

1. d4 {[%emt 0:00:00]} d5 {[%emt 0:00:48]} 2. c4 {[%emt 0:00:00]} e6 {[%emt 0:00:36]} 3. Nc3 {[%emt 0:00:11]} Nf6 {[%emt 0:01:02]} 4. cxd5 {[%emt 0:00:08]} exd5 {[%emt 0:00:31]} 5. Bg5 {[%emt 0:00:14]} c6 {[%emt 0:02:34]} 6. e3 {[%emt 0:02:18]} Nbd7 {[%emt 0:01:28]} 7. Bd3 {[%emt 0:00:15]} Be7 {[%emt 0:06:51]} 8. Qc2 {[%emt 0:00:38]} O-O {[%emt 0:01:54]} 9. Nge2 {[%emt 0:01:00]} Re8 {[%emt 0:03:19]} 10. O-O {[%emt 0:00:34]} Nf8 {[%emt 0:04:36]} 11. Rad1 {[%emt 0:03:53]} g6 {[%emt 0:14:29]} 12. f3 {[%emt 0:01:12]} Ne6 {[%emt 0:01:27]} 13. Bh4 {[%emt 0:04:52]} Ng7 {[%emt 0:06:46]} 14. e4 {[%emt 0:09:52]} Be6 {[%emt 0:11:11]} 15. e5 {[%emt 0:05:12]} Nd7 {[%emt 0:00:20]} 16. Bxe7 {[%emt 0:01:07]} Qxe7 {[%emt 0:00:12]} 17. g4 {[%emt 0:20:08]} h5 {[%emt 0:02:48]} 18. h3 {[%emt 0:00:48]} c5 {[%emt 0:05:31]} 19. Bb5 {[%emt 0:04:08]} cxd4 {[%emt 0:01:10]} 20. Nxd4 {[%emt 0:01:58]} Rec8 {[%emt 0:04:27]} 21. Bxd7 {[%emt 0:04:40]} Qxd7 {[%emt 0:00:40]} 22. Qd2 {[%emt 0:00:47]} a6 {[%emt 0:04:43]} 23. Qg5 {[%emt 0:02:07]} Rd8 {[%emt 0:03:15]} 24. a4 {[%emt 0:06:25]} Rac8 {[%emt 0:01:40]} 25. Kh2 {[%emt 0:01:54]} Rc4 {[%emt 0:02:56]} 26. Rg1 {[%emt 0:02:53]} Kh7 {[%emt 0:04:44]} 27. f4 {[%emt 0:00:33]} Qc7 {[%emt 0:00:38]} 28. gxh5 {[%emt 0:01:19]} 1-0

[Event "23rd Hogeschool Zeeland Open 2019"]
[Site "Vlissingen"]
[Date "2019.08.07"]
[Round "6.14"]
[White "Volkers, Annemarie"]
[Black "Baarslag, Ed"]
[Result "0-1"]
[WhiteElo "1966"]
[BlackElo "2220"]
[Annotator "ChessBase"]
[PlyCount "46"]
[EventDate "2019.08.03"]
[EventType "swiss"]
[EventCountry "NED"]
[SourceTitle "playchess.com"]
[Source "ChessBase"]
[SourceQuality "1"]
[TimeControl "40/5400+30:1800+30"]

1. e4 {[%emt 0:00:00]} g6 {[%emt 0:00:12]} 2. d4 {[%emt 0:00:11]} c6 {[%emt 0:00:24]} 3. c4 {[%emt 0:03:48]} d5 {[%emt 0:01:39]} 4. exd5 {[%emt 0:00:37]} cxd5 {[%emt 0:00:07]} 5. Nc3 {[%emt 0:00:33]} Nf6 {[%emt 0:00:32]} 6. Qb3 {[%emt 0:01:14]} Bg7 {[%emt 0:05:11]} 7. cxd5 {[%emt 0:00:42]} O-O {[%emt 0:01:10]} 8. Be2 {[%emt 0:01:08]} Na6 {[%emt 0:18:00]} 9. Bf3 {[%emt 0:04:32]} e6 {[%emt 0:08:55]} 10. dxe6 {[%emt 0:08:21]} Bxe6 {[%emt 0:00:11]} 11. Qxb7 {[%emt 0:02:38]} Qa5 {[%emt 0:08:14]} 12. Qb5 {[%emt 0:11:22]} Qxb5 {[%emt 0:01:00]} 13. Nxb5 {[%emt 0:00:04]} Rab8 {[%emt 0:00:11]} 14. Na3 {[%emt 0:06:18]} Nb4 {[%emt 0:07:41]} 15. Be2 {[%emt 0:08:20]} Nxa2 {[%emt 0:01:37]} 16. Bd2 {[%emt 0:03:12]} Ne4 {[%emt 0:06:22]} 17. Nf3 {[%emt 0:04:35]} Nxd2 {[%emt 0:02:38]} 18. Nxd2 {[%emt 0:00:28]} Bxd4 {[%emt 0:09:11]} 19. Nac4 {[%emt 0:00:58]} Nb4 {[%emt 0:01:51]} 20. O-O {[%emt 0:00:55]} Rfc8 {[%emt 0:00:51]} 21. Ra4 {[%emt 0:04:32]} Rc7 {[%emt 0:07:43]} 22. b3 {[%emt 0:00:38]} Nd5 {[%emt 0:01:56]} 23. g3 {[%emt 0:02:32]} Nc3 {[%emt 0:00:35]} 0-1